Claiming the people's past : (Record no. 52783)

MARC details
000 -LEADER
fixed length control field 00765nam a2200241Ia 4500
005 - DATE AND TIME OF LATEST TRANSACTION
control field 20260429112202.0
008 - FIXED-LENGTH DATA ELEMENTS--GENERAL INFORMATION
fixed length control field 260429s9999||||xx |||||||||||||| ||und||
020 ## - INTERNATIONAL STANDARD BOOK NUMBER
International Standard Book Number 9781009453639
041 ## - LANGUAGE CODE
Language English
082 ## - DEWEY DECIMAL CLASSIFICATION NUMBER
Classification number 320.5662
Item number BEV
100 ## - MAIN ENTRY--PERSONAL NAME
Personal name Bevernage, Berber
245 #0 - TITLE STATEMENT
Title Claiming the people's past :
Remainder of title populist politics of history in the twenty-first century /
Statement of responsibility, etc Berber Bevernage
250 ## - EDITION STATEMENT
Edition statement 1st ed.
260 ## - PUBLICATION, DISTRIBUTION, ETC. (IMPRINT)
Place of publication, distribution, etc United Kingdom :
Name of publisher, distributor, etc Cambridge University Press,
Date of publication, distribution, etc 2024.
300 ## - PHYSICAL DESCRIPTION
Extent xiv, 343 p.; hb
440 ## - SERIES STATEMENT/ADDED ENTRY--TITLE
Title Metamorphoses of the political : multidisciplinary approaches
650 ## - SUBJECT ADDED ENTRY--TOPICAL TERM
Topical term or geographic name as entry element Politics
650 ## - SUBJECT ADDED ENTRY--TOPICAL TERM
Topical term or geographic name as entry element History
700 ## - ADDED ENTRY--PERSONAL NAME
Personal name Mestdagh, Eline
700 ## - ADDED ENTRY--PERSONAL NAME
Personal name Ramalho, Walderez
700 ## - ADDED ENTRY--PERSONAL NAME
Personal name Verbergt, Marie-Garbrielle
942 ## - ADDED ENTRY ELEMENTS (KOHA)
Koha item type Text Books
Holdings
Withdrawn status Lost status Damaged status Not for loan Collection code Home library Location Shelving location Date of Cataloging Source of acquisition Total Checkouts Full call number Barcode Date last seen Price effective from Koha item type
        Non-fiction CUTN Central Library CUTN Central Library Social Sciences 29/04/2026 Techniz Books International, New Delhi - Invoice No. INT202601641 on 09-02-2026   320.5662 BEV 57902 29/04/2026 29/04/2026 Text Books